000 00292nam a22001457a 4500
008 210305b ||||| |||| 00| 0 eng d
020 _a9780345412225
041 _aeng
080 _a521
082 _2521
100 _a42
101 _aAST
245 _aComet
_cSagan,C
942 _2udc
_cBK
999 _c55818
_d55818